EVERY JetPunk User with a Featured Quiz in Polish - Statistics

General Stats
  • This quiz has been taken 9 times
  • The average score is 2 of 43
Answer Stats
# User % Correct
3 Jato3
57%
50 Stewart
43%
136 youtubeplayer
43%
152 Levisek27PL
29%
2 ChomikowaDama
14%
1 Devvik2
14%
1 relessness
14%
280 SaturnPL
14%
2 savik1
14%
1 Akula
0%
1 Anonim6997
0%
1 Arcolris
0%
3 BehindPL
0%
1 BolyaiAnna
0%
2 CringeDragon
0%
21 Daigoro
0%
1 FlabberBapper
0%
1 Gassu
0%
3 GeoPhilia
0%
1 HinesBrothers
0%
2 IAB
0%
2 Jerry928
0%
1 kik891
0%
1 KingEureka
0%
1 Kvkq
0%
1 Larry2k
0%
4 Lucknowite
0%
1 maciekzks
0%
19 miki2003
0%
1 NINJAQKk
0%
1 Olson07
0%
2 OskarRB
0%
1 QuantumMechanist
0%
1 QWER12
0%
3 SajmoneX
0%
3 Saranghaeyosso
0%
3 scambiandJerry
0%
31 skukka
0%
1 SWATkun
0%
28 Togoland
0%
1 UG332
0%
2 Viktorlaki
0%
30 Volkswagen
0%
No matching quizzes found
Score Distribution
Percent of People with Each Score
Percentile by Number Answered
Your Score History
You have not taken this quiz